College Quizbowl Stats
College Quizbowl Stats
Circuits
Seasons
Sets
Records
Detailed Stats
About
Loading...
2024 Chicago Open
Tossups
Bonuses
Players
Teams
Categories (Tossup)
Categories (Bonus)
Connor Mayers
Lisan al-Quib
Categories
Category
Powers
Gets
Negs
BBs
Points
Earliest Buzz
Avg. Buzz
First Buzzes
Top 3 Buzzes
Fine Arts - Other Arts
1
1
1
0
20
85
121.50
0
0
History - American History
0
1
0
1
10
164
164.00
0
0
Literature - European Literature
0
1
0
0
10
152
152.00
0
0
Buzzes
Category
Answer
Value
Buzz Position
Fine Arts - Other Arts
Portuguese
-5
35
Fine Arts - Other Arts
Yusef
15
85
Literature - European Literature
La Princesse de Clèves
10
152
Fine Arts - Other Arts
Harakiri
10
158
History - American History
Shakur
10
164
Previous
1
Next